000 00729pam a2200253 a 4500
001 52150
003 BD-RjUL
005 20211209075748.0
008 160906s1984 maua b 001 0 eng
020 _a0316321079
035 _a(BD-RjUL)52270
040 _aDLC
_cDLC
_dDLC
_beng
041 _aeng
082 0 0 _a339
_223
_bGOM 1984
100 1 _aGordon, Robert J.
_q(Robert James),
_d1940-
_9155992
245 1 0 _aMacroeconomics /
_cRobert J. Gordon.
250 _a3rd ed.
260 _aBoston :
_bLittle, Brown,
_cc1984.
300 _axxx, 634, xlix p. :
_bill. ;
_c23 cm.
504 _aIncludes bibliographical references and index.
650 0 _aMacroeconomics.
_9155993
942 _2ddc
_cBK
999 _c52150
_d52150